000 01323nam0a2200325 4500
001 RU\NLR\bibl\1135448
005 20250615072444.0
010 _a5-7992-421-2
_9300
021 _aRU
_b2007-57043
_93031
035 _a(NLR Aleph) 001122333
090 _a1306003
_c1306003
100 _a20071003d2006 |||y0rusy50 ca
101 0 _arus
102 _aRU
105 _aach |||||||||
200 1 _aТруженик науки
_fЮ.Н. Ашинов, Х.Д. Хурум, С.В. Кизинек, А.К. Шхапацев
210 _aМайкоп
_cПолиграфиздат "Адыгея"
_d2006
215 _a233 с., [37] л. цв. ил., факс., портр.
_d21
600 1 _aШеуджен
_bА.Х.
_f1952
_gАсхад Хазретович
_92277019
_3RU\NLR\auth\661364472
686 _aП.д(2)Шеуджен
701 1 _aАшинов
_bЮ. Н.
_gЮнус Нухович
_4070
701 1 _4070
_7ca
_8rus
_aХурум
_bХ. Д.
_cд-р с.-х. наук
_gХазрет Довлетович
_9250944
_3RU\NLR\AUTH\770251000
701 1 _aКизинек
_bС. В.
_gСергей Владимирович
_4070
701 1 _aШхапацев
_bА. К.
_gАслан Капланович
_4070
801 0 _aRU
_bNLR
_c20071003
_gRCR
801 1 _aRU
_bNLR
_c20071003
942 _cBOOK
980 _aNB